00675nam a2200181Ia 4500952014800000999001700148003000400165005001700169008004100186020001800227040000900245082002300254100002900277245009200306260003400398300000900432942005200441 00102ddc40708POLITICAL SCIENCEaMESbMEScPOLd2019-02-20g895.00l0o320.5570966 MIL/Pp38885r2019-02-20 00:00:00w2019-02-20yBKzGL10R1 c21862d21862OSt20200608095209.0190216s9999||||xx |||||||||||||| ||und|| a9788130909677 coclc a320.5570966bMIL/P aMiles, William F S92598 0aPolitical Islam In West Africa State-Society Relations Transformed /cWilliam F S Miles bViva Book,c2008.aNew Delhi: a221p cBK2ddch320.5570966iMIL/Pk320.5570966mMIL/P